|
|
|
|
| LEADER |
02439cas a2200229 a 4500 |
| 001 |
AALejournalIMF018657 |
| 008 |
230101c9999 xx r poo 0 0eng d |
| 020 |
|
|
|z 9781484368800
|
| 022 |
|
|
|a 0145-1707
|
| 040 |
|
|
|a BD-DhAAL
|c BD-DhAAL
|
| 110 |
2 |
|
|a International Monetary Fund.
|b Communications Department.
|
| 245 |
1 |
0 |
|a Finance and Development, September 2018.
|
| 264 |
|
1 |
|a Washington, D.C. :
|b International Monetary Fund,
|c 2018.
|
| 300 |
|
|
|a 1 online resource (64 pages)
|
| 490 |
1 |
|
|a Finance and Development
|
| 500 |
|
|
|a <strong>Off-Campus Access:</strong> No User ID or Password Required
|
| 500 |
|
|
|a <strong>On-Campus Access:</strong> No User ID or Password Required
|
| 506 |
|
|
|a Electronic access restricted to authorized BRAC University faculty, staff and students
|
| 520 |
3 |
|
|a This paper discusses that from shifting demographics to climate change, Southeast Asia confronts a host of challenges. Summoning them will require both resilience and flexibility. Advances in artificial intelligence, including robotics, together with innovations such as 3-D printing and new composite materials, will transform manufacturing processes, making them less labor-intensive while creating opportunities for new products. This will enable new ways of making things and change the drivers of competitiveness. There will be indirect effects as well. For example, aircraft manufacturers, taking advantage of new composite materials such as carbon fibers, have developed a class of superlong-haul aircraft that could bring more tourists to Southeast Asia as relatively cheap point-to-point travel options emerge. The region should still enjoy synergies from globalization and other modes of economic integration, but the form and shape of such integration could change. For Southeast Asia, the next couple of decades could prove exhilarating in terms of the opportunities presented by technology and global growth, but also tumultuous because of the continuing risks, such as those posed by an unreformed and unstable international financial architecture. There clearly is much hard work to be done. Policymakers still have not gotten everything right, but they are heading in the right direction.
|
| 538 |
|
|
|a Mode of access: Internet
|
| 830 |
|
0 |
|a Finance and Development; Finance and Development ;
|v No. 0055/003
|
| 856 |
4 |
0 |
|z Full text available on IMF
|u http://elibrary.imf.org/view/journals/022/0055/003/022.0055.issue-003-en.xml
|z IMF e-Library
|